• 首页
  • 本馆介绍
  • 公告通知
  • 最新文献
  • 馆藏检索
  • 电子资源
  • 读者导购
  • 参考咨询
  • 我的图书馆
  • 登录
  • 详细信息显示
  • 放入我的书架
  • 预约/预借图书
  • 作者相关作品
  • 分类相关作品
  • 丛书相关作品
  • 出版社相关作品

书目信息

  • 表格格式
  • 工作单格式
  • 卡片格式
题名:
世界古代中世纪史
    
 
作者: 黄洋
分册:  
出版信息: 复旦   复旦大学出版社  2005
页数: 413
开本: 20 cm
丛书名:
单 册:
中图分类: K403
科图分类:
主题词: 非洲--历史
电子资源:
ISBN: 7-309-04646-3
000 00497nam0 2200181 450
001 0734081268
005 20071007092801.28
010    @a7-309-04646-3
100    @a20071007d km y0chiy0120 ea
101 0  @achi
200 1  @a世界古代中世纪史@Ashi jie gu dai zhong shi ji shi@f黄洋等@Fhuang yang deng
210    @a复旦@c复旦大学出版社@d2005
215    @a413@d20 cm
606 0  @a非洲@x历史
690    @aK403@v3
701  0 @a黄洋@Ahuang yang
801  0 @aCN@bPFT@c20071007
905    @a213230@dK403@ea1@f1
    
    世界古代中世纪史/黄洋等.-复旦:复旦大学出版社,2005
    413;20 cm
    
    
    ISBN 7-309-04646-3:
    
●
相关链接 在E读中查询图书 在五车中查询图书 在当当中查询图书 在豆瓣中查询图书


正题名:世界古代中世纪史     索取号:K403/a1         预约/预借

序号 登录号 条形码 馆藏地/架位号 状态 备注
1 7509183   275091838   密集书库-史法系/ [索取号:K403/a1] 在馆    
唐山师范学院图书馆 欢迎您!
大连网信软件有限公司© 版权所有